000
00313nam a2200145 4500
008
190329s1962||||xo d
245
1
0
_a
Zdravotnícka družina
250
_a
1.vydanie
260
_b
SZN
_a
Praha
_c
1962
300
_a
309 s.
020
_c
0
041
1
_a
slo
044
_a
xo
_c
SK
958
_a
APR
999
_c
22287
_d
22287